000 00369nam a2200133Ia 4500
008 100328s9999 xx 000 0 und d
082 _b25243
100 _aराहुल
245 _aकठपुतली
260 _bडायमंड पॅाकेट बुक्स
630 _aकठपुतली
730 _aकठपुतली
942 _cBOOK
999 _c518198
_d518195